<?xml version="1.0" encoding="UTF-8"?>
<marc:record xmlns:marc="http://www.loc.gov/MARC21/slim">
   <marc:leader>00000nam a2200000 a 4500</marc:leader>
   <marc:datafield ind1="1" ind2=" " tag="100">
      <marc:subfield code="a">Schumacher, Jens</marc:subfield>
      <marc:subfield code="4">aut</marc:subfield>
      <marc:subfield code="e">Verfasser/-in</marc:subfield>
   </marc:datafield>
   <marc:datafield ind1="1" ind2=" " tag="100">
      <marc:subfield code="a">Berger, Thorsten</marc:subfield>
   </marc:datafield>
   <marc:datafield ind1=" " ind2=" " tag="653">
      <marc:subfield code="a">Buch für Jungs ab 8</marc:subfield>
   </marc:datafield>
   <marc:datafield ind1=" " ind2=" " tag="653">
      <marc:subfield code="a">Buch für Jungs ab 9</marc:subfield>
   </marc:datafield>
   <marc:datafield ind1=" " ind2=" " tag="653">
      <marc:subfield code="a">Kinderbücher bis 11 Jahre</marc:subfield>
   </marc:datafield>
   <marc:datafield ind1=" " ind2=" " tag="653">
      <marc:subfield code="a">Bücher wie Das kleine böse Buch</marc:subfield>
   </marc:datafield>
   <marc:datafield ind1=" " ind2=" " tag="653">
      <marc:subfield code="a">Buch für leseschwache Kinder</marc:subfield>
   </marc:datafield>
   <marc:datafield ind1=" " ind2=" " tag="653">
      <marc:subfield code="a">Mitmachbuch</marc:subfield>
   </marc:datafield>
   <marc:datafield ind1=" " ind2=" " tag="653">
      <marc:subfield code="a">Rätselbuch</marc:subfield>
   </marc:datafield>
   <marc:datafield ind1=" " ind2=" " tag="653">
      <marc:subfield code="a">Buch für lesefaule Kinder</marc:subfield>
   </marc:datafield>
   <marc:datafield ind1=" " ind2=" " tag="653">
      <marc:subfield code="a">Geburtstagsgeschenk Jungen</marc:subfield>
   </marc:datafield>
   <marc:datafield ind1=" " ind2=" " tag="653">
      <marc:subfield code="a">Leseförderung Grundschule</marc:subfield>
   </marc:datafield>
   <marc:datafield ind1="0" ind2="0" tag="245">
      <marc:subfield code="a">Das Buch mit dem Fluch - Mach das weg!</marc:subfield>
   </marc:datafield>
   <marc:datafield ind1="0" ind2="0" tag="245">
      <marc:subfield code="c">Jens Schumacher</marc:subfield>
   </marc:datafield>
   <marc:datafield ind1=" " ind2="1" tag="264">
      <marc:subfield code="a">München</marc:subfield>
      <marc:subfield code="b">ArsEdition</marc:subfield>
      <marc:subfield code="c">2024</marc:subfield>
   </marc:datafield>
   <marc:datafield ind1="1" ind2=" " tag="490">
      <marc:subfield code="a">Das Buch mit dem Fluch</marc:subfield>
      <marc:subfield code="v">4</marc:subfield>
   </marc:datafield>
   <marc:datafield ind1="1" ind2=" " tag="520">
      <marc:subfield code="a">Fürchterlich komischer Lesespaß für rätselbegeisterte Kinder ab 8 Jahren#Dieses Buch ist kein normales Buch! Denn wenn man darin blättert, bekommt man es mit einem kleinen Dämon zu tun, der davon alles andere als begeistert ist. Ein lustiges und interaktives Vergnügen für Kinder und ein ideales Geschenk für Fans von "Das kleine böse Buch", "Bitte nicht öffnen" und "Cornibus &amp; Co".# #Bääh  was ist DAS denn?#Der kleine Dämon Snuphuluzius braucht wieder mal die Hilfe der Leserinnen und Leser, denn in der Unterwelt gehen merkwürdige Dinge vor sich: Bei Tante Brathilda ist Flaffi eingezogen, ein schoßhundgroßes Wuschelwesen mit riesigen Augen, das alle Kekse wegmampft und außerdem Snuphuluzius liebste Sofakuhle besetzt. Unverschämtheit! Dabei kann man Kilometer gegen den Wind riechen, dass mit dem Fellknäuel etwas nicht stimmt!#Nun sollen die Leser dem kleinen Dämon dabei helfen, Flaffi wieder loszuwerden  mit einer gehörigen Portion Unterweltmagie. Doch das ist gar nicht so einfach, denn Snuphuluzius magische Anweisungen sind meistens knifflig, manchmal rätselhaft  und immer zum Brüllen komisch!#  Originelles Konzept: Achtung, in diesem Buch spukt es! Interaktive Geschichte: Kurze Episoden und knifflige Rätsel Tolle Optik: Mit unschlagbar coolen Bildern von Thorsten Berger Kurze Texthappen: Auch geeignet für schwache Leser und Lesemuffel&amp;nbsp; ##  #Über das Buch: &amp;nbsp; #Die direkte Leseransprache und die interaktiven Rätsel machen Das Buch mit dem Fluch  Schau nicht hier rein! zu einem ungewöhnlichen Lesevergnügen für Jungen und Mädchen ab der 3. Klasse. # #Alle Bände der Reihe:&amp;nbsp;#Band 1: Das Buch mit dem Fluch  Lass mich hier raus!#Band 2: Das Buch mit dem Fluch  Hol mich raus, aber zack! #Band 3: Das Buch mit dem Fluch - Schau nicht hier rein!#Band 4: Das Buch mit dem Fluch  Mach das weg!</marc:subfield>
   </marc:datafield>
   <marc:datafield ind1=" " ind2=" " tag="020">
      <marc:subfield code="a">9783845859019</marc:subfield>
      <marc:subfield code="9">9783845859019</marc:subfield>
   </marc:datafield>
   <marc:datafield ind1=" " ind2=" " tag="041">
      <marc:subfield code="a">ger</marc:subfield>
   </marc:datafield>
   <marc:datafield ind1=" " ind2=" " tag="300">
      <marc:subfield code="a">160 Seiten</marc:subfield>
   </marc:datafield>
</marc:record>
